Combien y-a-t-il... - Statistiques

Statistiques générales
  • Ce quiz a été pris 104 fois
    79 depuis la dernière actualisation
  • Le résultat moyen est 16 sur 30
Statistiques - réponses
Combien y-a-t-il... Réponse % Correct
...de dents chez un être humain adulte? 32
94%
...de classes de la petite section à la terminale? 15
90%
...de points maximum sur un permis de conduire en France? 12
77%
...de zéros dans 1 milliard? 9
77%
...de livres "Harry Potter"? 8
75%
...de quilles à renverser au bowling? 10
74%
...de semaines dans une année? 52
74%
...de billets en euros? 7
72%
...de péchés capitaux? 7
71%
...de joueurs sur le terrain pour 1 équipe de football? 11
68%
...de rôles dans le Loup-Garou original? 8
68%
...de kilomètres à parcourir au marathon? 42
65%
...de cartes dans un jeu de cartes standard? 52
64%
...de version de Windows? 14
62%
...d'arrondissements à Paris? 20
62%
...de mains au poker? 10
59%
...de pays reconnus par l'ONU? 197
55%
...de tailles de bouteilles de vin? 11
52%
...de modèles d'Iphone ? 41
49%
...de types de Pokémon? 18
45%
...dieux de l'Olympe? 12
42%
...de tailles de soutien-gorge? 13
41%
...d'os dans le corps humain? 206
39%
...d'éléments (en Occident) ? 4
29%
...de millions d'années depuis l'extinctiondes dinosaures? 65
17%
...d'arrêts desservis sur la ligne du RER A? 46
16%
...de Pokémon jusqu'à Pêchaminus? 1025
13%
...de livres dans la Bible? 49
13%
...de jetons lettres dans le Scrabble au début de la partie? 100
12%
...de races de chiens reconnus officiellement? 344
1%
Aucun quiz correspondant
Distribution des résultats
% des personnes avec chaque résultat
Percentile par nombre de réponses
Votre historique - résultats
Vous n’avez pas pris ce quiz depuis la dernière actualisation